College Quizbowl Stats
College Quizbowl Stats
Circuits
Seasons
Sets
Records
Detailed Stats
About
Loading...
2024 ACF Fall at North Carolina
Tossups
Bonuses
Players
Teams
Categories (Tossup)
Categories (Bonus)
Ali Frame
James Madison B
Categories
Category
Powers
Gets
Negs
BBs
Points
Earliest Buzz
Avg. Buzz
First Buzzes
Top 3 Buzzes
Science - Physics
0
2
0
1
20
104
104.00
0
1
Current Events
0
1
0
1
10
109
109.00
0
0
Science - Other Science
0
1
0
0
10
123
123.00
0
0
Social Science
0
1
0
1
10
105
105.00
0
0
Buzzes
Category
Answer
Value
Buzz Position
Science - Physics
diodes
10
104
Science - Physics
viscosity
10
104
Social Science
crime
10
105
Current Events
water
10
109
Science - Other Science
cosine
10
123
Previous
1
Next